00397nam a22001337a 450000500170000002000250001703700120004224500650005426000240011927000690014330000220021294200120023499900170024620130802153037.0 a9788183482523c95.00 aKKP/VEN aComprter Awareness for General Compentive Exam/cby R Pillai aMeerut(UP)bArihant aKalindi,TP nagerbMeerut(UP)e250002k0121-2401479l0121-2401648 a766p.c24cm.(pbk) 2ddccEN c78333d78333